Statistics for Cricket: Leading Indian Test Bowlers A-Z

Click here to take the quiz!

General Stats

  • This quiz has been taken 210 times
  • The average score is 6 of 20

Answer Stats

letterwicketsplayer% Correct
K619Anil Kumble
87%
A292Ravi Ashwin
74%
H417Harbhajan Singh
71%
J155Ravi Jadeja
51%
S236Javagal Srinath
49%
B266Bishan Bedi
47%
T46Sachin Tendulkar
35%
O113Pragyan Ojha
33%
C242Bhagwath Chandrasekhar
30%
V156S Venkataraghavan
30%
Y102Shivlal Yadav
27%
P189Erapalli Prasanna
25%
L71Madan Lal
18%
D114Dilip Doshi
11%
M156Vinoo Mankad
11%
N88Bapu Nadkarni
7%
U35Polly Umrigar
7%
R93Venkatapathy Raju
6%
G149Subhash Gupte
5%
W10Atul Wassan
3%

Score Distribution

Percentile by Number Answered

Percent of People with Each Score

Your Score History

You have not taken this quiz